|
|
|
|
| LEADER |
00000nab a2200000 a 4500 |
| 001 |
vtls000401589 |
| 003 |
SK-MaSNL |
| 005 |
20260304031131.0 |
| 008 |
230131c1990 xo 0 slo |
| 015 |
|
|
|a SNBRB19rr/mm-uuuuu
|
| 035 |
|
|
|a CL0401713
|
| 035 |
|
|
|a urn:nbn:sk:snk-ab1l6m
|
| 035 |
|
|
|a (urnnbn)urn:nbn:sk:snk:ar-004d3p
|
| 035 |
|
|
|a (uuid)0b2dfa0f-3748-4851-8169-35a1e368d65d
|
| 040 |
|
|
|a SNKBUCL
|b slo
|c SNKBUCL
|e AACR2
|
| 041 |
0 |
|
|a slo
|
| 044 |
|
|
|a xo
|c SK
|
| 080 |
|
|
|a 636.085.4:547.281.1:577.112.8
|2 1981
|
| 080 |
|
|
|a 547.281.1
|2 1981
|
| 080 |
|
|
|a 577.112.8
|2 1981
|
| 245 |
0 |
0 |
|a Porovnanie in vitro a in situ degradovateľnosti sušiny a n-látok krmív ošetrených formaldehydom ; Zuzana Čerešňáková, Pavel Fľak, Mária Chrenková, Juraj Szakács
|
| 300 |
|
|
|b Tb. 4. Grafy 2. Res. slov., rus., lit. 14 zázn. v slov., angl., nem., franc.
|
| 650 |
0 |
7 |
|a krmivá
|2 snkbucl
|9 2812
|
| 650 |
0 |
7 |
|a bielkoviny
|2 snkbucl
|9 17038
|
| 655 |
|
7 |
|a články z novín a časopisov
|2 snkbucl
|9 267496
|
| 700 |
1 |
|
|a Čerešňáková, Zuzana
|4 aut
|9 6251
|
| 700 |
1 |
|
|a Fľak, Pavel
|4 aut
|9 5306
|
| 700 |
1 |
|
|a Chrenková, Mária
|4 aut
|9 9682
|
| 700 |
1 |
|
|a Szakács, Juraj
|4 aut
|9 896009
|
| 773 |
0 |
|
|t Poľnohospodárstvo
|g Roč. 36, č. 8 (1990), s. 733-741
|
| 850 |
|
|
|a Slovenská národná knižnica v Martine
|a MTA001
|
| 852 |
|
|
|a SNK
|b KIS3GCP
|
| 954 |
|
|
|a odborná, vedecká literatúra pôvodná (slovenská)
|2 lita
|
| 958 |
|
|
|a NB
|
| 958 |
|
|
|a RK
|
| 958 |
|
|
|a MI
|
| 958 |
|
|
|a OND
|
| 958 |
|
|
|a EUIPO
|
| 958 |
|
|
|a article27
|
| 992 |
|
|
|a RBX
|
| 999 |
|
|
|c 2636639
|d 2638569
|